000 01222nam a2200313Ia 4500
001 ebr10019959
003 CaPaEBR
006 m u
007 cr cn|||||||||
008 011001s2000 enk sb 000 0 eng d
010 _z 2001276685
020 _z1841508608 (eBook)
020 _z1841500402
040 _aCaPaEBR
_cCaPaEBR
035 _a(OCoLC)70763669
050 1 4 _aHQ1613
_b.W658 2000eb
082 0 4 _a305.42/0944
_221
245 0 0 _aWomen in contemporary culture
_h[electronic resource] :
_broles and identities in France and Spain /
_cedited by Lesley Twomey.
260 _aBristol ;
_aPortland, OR :
_bIntellect,
_c2000.
300 _avi, 194 p.
504 _aIncludes bibliographical references.
533 _aElectronic reproduction.
_bPalo Alto, Calif. :
_cebrary,
_d2009.
_nAvailable via World Wide Web.
_nAccess may be limited to ebrary affiliated libraries.
650 0 _aWomen
_zFrance
_xSocial conditions.
650 0 _aWomen
_zSpain
_xSocial conditions.
655 7 _aElectronic books.
_2local
700 1 _aTwomey, Lesley K.
710 2 _aebrary, Inc.
856 4 0 _uhttp://site.ebrary.com/lib/rucke/Doc?id=10019959
_zAn electronic book accessible through the World Wide Web; click to view
999 _c24093
_d24093